[Event "Poznan op 22nd"]
[Site "Poznan"]
[Date "2014.08.10"]
[Round "3"]
[White "Niemier, Hubert"]
[Black "Chojnacki, Tomasz"]
[Result "0-1"]
[WhiteElo "1427"]
[BlackElo "1904"]
[PlyCount "50"]
[EventDate "2014.08.09"]
[EventType "swiss"]
[EventRounds "9"]
[EventCountry "POL"]
[SourceTitle "CBM 161 Extra"]
[Source "ChessBase"]
[SourceDate "2014.08.29"]
[SourceVersion "1"]
[SourceVersionDate "2014.08.29"]
[SourceQuality "1"]

1. d4 d5 2. c4 e6 3. Nc3 Be7 4. e4 dxe4 5. Nxe4 Nf6 6. Nxf6+ Bxf6 7. Nf3 0-0 8. Be2 b6 9. 0-0 Bb7 10. Be3 Nd7 11. Qc2 Qe7 12. Rad1 c5 13. d5 exd5 14. cxd5 Qd6 15. Bd3 g6 16. Ng5 Qe5 17. Ne4 Bxd5 18. Nxf6+ Nxf6 19. Bd2 Ng4 20. g3 Nxh2 21. f4 Qh5 22. Be4 Nxf1 23. Bxd5 Qxd5 24. Kxf1 Rad8 25. Qa4 Qf3+ 0-1

[Event "POL-chT3 Wielkopolskie 1314"]
[Site "Poland"]
[Date "2014.01.05"]
[Round "4.4"]
[White "Chojnacki, Tomasz"]
[Black "Leskiewicz, Ignacy"]
[Result "0-1"]
[WhiteElo "1919"]
[BlackElo "1624"]
[PlyCount "98"]
[EventDate "2013.10.27"]
[EventType "team-tourn"]
[EventRounds "11"]
[EventCountry "POL"]
[SourceTitle "EXT 2015"]
[Source "ChessBase"]
[SourceDate "2014.11.20"]
[SourceVersion "1"]
[SourceVersionDate "2014.11.20"]
[SourceQuality "1"]
[WhiteTeam "Poznan Politechnika II"]
[BlackTeam "Konin UKS Smecz"]
[WhiteTeamCountry "POL"]
[BlackTeamCountry "POL"]

1. e4 c5 2. Nf3 d6 3. d4 cxd4 4. Nxd4 Nf6 5. Nc3 a6 6. Bc4 e6 7. 0-0 Be7 8. Bb3 Qc7 9. f4 Nc6 10. Be3 Bd7 11. a4 0-0 12. Qf3 Nxd4 13. Bxd4 Bc6 14. Qg3 b5 15. axb5 axb5 16. Rae1 Rfd8 17. Kh1 Ne8 18. e5 dxe5 19. Bxe5 Bd6 20. f5 exf5 21. Rxf5 Rd7 22. Qg5 Kh8 23. Qh5 Bxe5 24. Rfxe5 Nf6 25. Qe2 h6 26. Nxb5 Qb7 27. Na3 Rad8 28. Nc4 Qb4 29. Qf1 Ne4 30. Qe2 Qxe1+ 31. Qxe1 Rd1 32. Rxe4 Bxe4 33. Qg1 f5 34. Ne3 Rxg1+ 35. Kxg1 Rd2 36. g3 Re2 37. Nd5 Bxd5 38. Bxd5 Rxc2 39. b3 g6 40. h4 Kg7 41. Kf1 Kf6 42. Ke1 Ke5 43. Bf7 g5 44. hxg5 hxg5 45. Be8 Rc3 46. b4 Rxg3 47. b5 Rb3 48. Kd2 g4 49. Kc2 g3 0-1

[Event "POL-chT3 Wielkopolskie 1314"]
[Site "Poland"]
[Date "2014.01.05"]
[Round "5.3"]
[White "Chojnacki, Tomasz"]
[Black "Walaszczyk, Witold"]
[Result "0-1"]
[WhiteElo "1919"]
[BlackElo "2151"]
[PlyCount "110"]
[EventDate "2013.10.27"]
[EventType "team-tourn"]
[EventRounds "11"]
[EventCountry "POL"]
[SourceTitle "EXT 2015"]
[Source "ChessBase"]
[SourceDate "2014.11.20"]
[SourceVersion "1"]
[SourceVersionDate "2014.11.20"]
[SourceQuality "1"]
[WhiteTeam "Poznan Politechnika II"]
[BlackTeam "Konin Hetman"]
[WhiteTeamCountry "POL"]
[BlackTeamCountry "POL"]

1. e4 c6 2. d4 d5 3. exd5 cxd5 4. c4 Nf6 5. Nc3 e6 6. Nf3 Nc6 7. c5 Be7 8. Bb5 0-0 9. Bxc6 bxc6 10. Qa4 Qc7 11. Ne5 Bxc5 12. Qxc6 Qxc6 13. Nxc6 Bb6 14. Be3 Ba6 15. Nb4 Bb7 16. f3 Rac8 17. Nd3 Nd7 18. Kd2 e5 19. Ne2 Rfe8 20. Nxe5 Nxe5 21. dxe5 Ba5+ 22. Nc3 Rc4 23. Bxa7 d4 24. Bxd4 Rxd4+ 25. Kc2 Rxe5 26. Rhe1 Rxe1 27. Rxe1 Kf8 28. a3 Bc7 29. Nb5 Rc4+ 30. Kd3 Rc5 31. Nxc7 Rxc7 32. b4 Ba6+ 33. Kd2 Bb5 34. Re5 Bf1 35. g3 f6 36. Ra5 Ke7 37. a4 Kd6 38. b5 Kc5 39. Ra6 Kb4 40. Ra8 Rb7 41. b6 Rxb6 42. Ra7 g5 43. Rxh7 Kc4 44. Rc7+ Kd4 45. Rd7+ Ke5 46. Re7+ Kf5 47. h4 gxh4 48. gxh4 Rb4 49. h5 Rxa4 50. Re4 Rxe4 51. fxe4+ Kg5 52. Ke3 Kxh5 53. e5 f5 54. e6 Kg4 55. Kd4 Bb5 0-1

[Event "POL-chT 3rd League Wielkopolska 12/13"]
[Site "Poznan"]
[Date "2013.02.24"]
[Round "8.16"]
[White "Chojnacki, Tomasz"]
[Black "Plonczak, Mateusz"]
[Result "0-1"]
[WhiteElo "1874"]
[BlackElo "1962"]
[PlyCount "114"]
[EventDate "2012.11.25"]
[EventType "team-tourn"]
[EventRounds "11"]
[EventCountry "POL"]
[SourceTitle "EXT 2014"]
[Source "ChessBase"]
[SourceDate "2013.11.20"]
[SourceVersion "1"]
[SourceVersionDate "2013.11.20"]
[SourceQuality "1"]
[WhiteTeam "Poznan Politechnika II"]
[BlackTeam "Kornik MUKS Wieza Kornicka"]
[WhiteTeamCountry "POL"]
[BlackTeamCountry "POL"]

1. e4 c5 2. Nf3 Nc6 3. d4 cxd4 4. Nxd4 Nf6 5. Nc3 e5 6. Ndb5 d6 7. Bg5 a6 8. Na3 b5 9. Nd5 Be7 10. Bxf6 Bxf6 11. Nxf6+ Qxf6 12. c3 0-0 13. Be2 Bb7 14. 0-0 Rfd8 15. Bf3 Ne7 16. Re1 d5 17. exd5 Bxd5 18. Bxd5 Nxd5 19. Qe2 Re8 20. Rad1 Nf4 21. Qe4 Rac8 22. Nc2 Rc4 23. Rd4 Rcc8 24. Nb4 Qg5 25. Rdd1 Rc4 26. Qf3 Nxg2 27. Kh1 Nxe1 28. Rxe1 a5 29. Rg1 Qf4 30. Qg2 g6 31. Nd5 Qh4 32. Qf3 Kg7 33. Re1 e4 34. Qg2 Rc5 35. Ne3 Rg5 36. Qf1 Qh5 37. Qe2 Qxe2 38. Rxe2 Rd8 39. h3 Rc5 40. Kh2 f5 41. Nc2 Kf6 42. h4 Rcd5 43. Nd4 Rxd4 44. cxd4 Rxd4 45. Rc2 Rc4 46. Rd2 Ke5 47. Rd7 Rc2 48. Kg1 Rxb2 49. Rxh7 Rxa2 50. Rg7 b4 51. Rxg6 Ra3 52. h5 Rh3 53. h6 Kd4 54. Ra6 b3 55. Rxa5 b2 56. Rb5 Kc3 57. Rb6 Rxh6 0-1

[Event "POL-chT 3rd League Wielkopolska 12/13"]
[Site "Poznan"]
[Date "2013.01.06"]
[Round "4.34"]
[White "Chojnacki, Tomasz"]
[Black "Hanusek, Krzysztof"]
[Result "1/2-1/2"]
[WhiteElo "1874"]
[BlackElo "1834"]
[PlyCount "94"]
[EventDate "2012.11.25"]
[EventType "team-tourn"]
[EventRounds "11"]
[EventCountry "POL"]
[SourceTitle "EXT 2014"]
[Source "ChessBase"]
[SourceDate "2013.11.20"]
[SourceVersion "1"]
[SourceVersionDate "2013.11.20"]
[SourceQuality "1"]
[WhiteTeam "Poznan Politechnika II"]
[BlackTeam "Wolsztyn UKS Szach"]
[WhiteTeamCountry "POL"]
[BlackTeamCountry "POL"]

1. e4 e5 2. Nf3 Nc6 3. Bb5 a6 4. Ba4 Nf6 5. 0-0 b5 6. Bb3 Be7 7. Re1 d6 8. c3 0-0 9. h3 Na5 10. Bc2 c5 11. d4 Qc7 12. Nbd2 Bd7 13. Nf1 Rfc8 14. d5 c4 15. Ne3 Nb7 16. g4 g6 17. Kg2 a5 18. Nf1 b4 19. Ng3 Nc5 20. g5 Ne8 21. Nh2 bxc3 22. bxc3 Nd3 23. Bxd3 cxd3 24. Qxd3 Qxc3 25. Qxc3 Rxc3 26. Be3 Rb8 27. Reb1 Rcc8 28. Nf3 Bd8 29. Nd2 Kf8 30. Rxb8 Rxb8 31. Rb1 Rxb1 32. Nxb1 Bb5 33. Nc3 Bd3 34. f3 Ke7 35. Kf2 Nc7 36. Ke1 Nb5 37. Kd2 Bc4 38. Nxb5 Bxb5 39. Kc3 Kd7 40. Kb3 Kc7 41. h4 Kb7 42. f4 f6 43. fxe5 fxe5 44. h5 Ka6 45. a4 Bd7 46. h6 Bg4 47. Kc2 Bd7 1/2-1/2

[Event "Poznan op"]
[Site "Poznan"]
[Date "2012.??.??"]
[Round "8"]
[White "Chojnacki, Tomasz"]
[Black "Adamczyk, Wieslaw"]
[Result "1-0"]
[WhiteElo "1889"]
[BlackElo "1605"]
[PlyCount "57"]
[EventDate "2012.07.14"]
[EventType "swiss"]
[EventRounds "9"]
[EventCountry "POL"]
[SourceTitle "CBM 149 Extra"]
[Source "ChessBase"]
[SourceDate "2012.08.24"]
[SourceVersion "1"]
[SourceVersionDate "2012.08.24"]
[SourceQuality "1"]

1. e4 c6 2. d4 d5 3. exd5 cxd5 4. c4 Nf6 5. Nc3 g6 6. Nf3 Bg7 7. cxd5 0-0 8. Bc4 Nbd7 9. 0-0 Nb6 10. Bb3 Nbxd5 11. Re1 b6 12. Bg5 Bb7 13. Qd3 e6 14. Ne5 Nxc3 15. bxc3 Qc7 16. Rac1 Rfe8 17. Qh3 Bd5 18. c4 Bb7 19. Qh4 Nd7 20. Ba4 f6 21. Nxd7 fxg5 22. Qxg5 Bc6 23. Bxc6 Qxc6 24. Nf6+ Bxf6 25. Qxf6 Rac8 26. Re3 Rc7 27. d5 Rf7 28. Qxf7+ Kxf7 29. dxc6 1-0

[Event "Poznan op"]
[Site "Poznan"]
[Date "2012.??.??"]
[Round "4"]
[White "Chojnacki, Tomasz"]
[Black "Pawlowski, Rafal"]
[Result "1-0"]
[WhiteElo "1889"]
[BlackElo "1507"]
[PlyCount "71"]
[EventDate "2012.07.14"]
[EventType "swiss"]
[EventRounds "9"]
[EventCountry "POL"]
[SourceTitle "CBM 149 Extra"]
[Source "ChessBase"]
[SourceDate "2012.08.24"]
[SourceVersion "1"]
[SourceVersionDate "2012.08.24"]
[SourceQuality "1"]

1. e4 e5 2. Nf3 Nc6 3. Bb5 Nf6 4. 0-0 d6 5. c3 Bd7 6. Re1 Nb8 7. Qb3 h6 8. Bc4 Qe7 9. Qxb7 Bc6 10. Qc8+ Qd8 11. Bxf7+ Kxf7 12. Qxd8 Na6 13. Nxe5+ Ke6 14. Nxc6 Rxd8 15. Nxd8+ Kd7 16. Nb7 h5 17. d4 h4 18. h3 c5 19. Na5 cxd4 20. cxd4 d5 21. Nb3 Nb4 22. Na3 Nd3 23. Rd1 dxe4 24. Nc5+ Bxc5 25. dxc5 Nd5 26. Nc4 Ke6 27. f3 Nxc5 28. fxe4 Nxe4 29. Re1 Kf5 30. Ne3+ Nxe3 31. Bxe3 Rb8 32. Rf1+ Kg6 33. Rf4 Nf6 34. Rxh4 Rxb2 35. Bd4 Rb7 36. Bxf6 1-0

[Event "Poznan op 21th"]
[Site "Poznan"]
[Date "2011.08.14"]
[Round "9"]
[White "Chojnacki, Tomasz"]
[Black "Duszczak, Dariusz"]
[Result "0-1"]
[WhiteElo "1874"]
[BlackElo "2041"]
[PlyCount "70"]
[EventDate "2011.08.06"]
[EventType "swiss"]
[EventRounds "9"]
[EventCountry "POL"]
[SourceTitle "CBM 143 Extra"]
[Source "ChessBase"]
[SourceDate "2011.08.29"]
[SourceVersion "1"]
[SourceVersionDate "2011.08.29"]
[SourceQuality "1"]

1. e4 d5 2. exd5 Qxd5 3. Nc3 Qa5 4. d4 Nf6 5. Nf3 Bg4 6. Bc4 e6 7. h3 Bf5 8. Bd2 c6 9. g4 Bg6 10. Qe2 Qc7 11. Ne5 Nbd7 12. h4 Nxe5 13. dxe5 Nd5 14. h5 Bxc2 15. Rc1 Nxc3 16. Bxc3 Ba4 17. b3 Bb5 18. Bxb5 cxb5 19. Qxb5+ Qd7 20. Qxd7+ Kxd7 21. Ke2 Ba3 22. Rhd1+ Ke7 23. Rc2 Rhc8 24. Rd3 Rc6 25. f4 Rac8 26. Kd2 b5 27. b4 a5 28. Rd6 Rxc3 29. Rxc3 Bxb4 30. Rdd3 Rxc3 31. Rxc3 Kd7 32. Kd3 Bxc3 33. Kxc3 Kc6 34. Kd4 Kb6 35. g5 g6 0-1

[Event "Poznan op 20th"]
[Site "Poznan"]
[Date "2011.07.22"]
[Round "7"]
[White "Bajerlein, Dawid"]
[Black "Chojnacki, Tomasz"]
[Result "1-0"]
[WhiteElo "2016"]
[BlackElo "1874"]
[PlyCount "163"]
[EventDate "2011.07.16"]
[EventType "swiss"]
[EventRounds "9"]
[EventCountry "POL"]
[SourceTitle "CBM 143 Extra"]
[Source "ChessBase"]
[SourceDate "2011.08.29"]
[SourceVersion "1"]
[SourceVersionDate "2011.08.29"]
[SourceQuality "1"]

1. d4 d5 2. c4 e6 3. Nc3 Be7 4. Nf3 Nf6 5. Bg5 h6 6. Bh4 0-0 7. e3 b6 8. Be2 Bb7 9. Bxf6 Bxf6 10. cxd5 exd5 11. b4 c6 12. 0-0 Qd6 13. Rb1 Nd7 14. Qd2 Rfe8 15. Rfd1 b5 16. a4 a6 17. a5 g6 18. Ne1 Bg7 19. Nd3 Rad8 20. Rbc1 Nf6 21. Bf3 Bc8 22. Nc5 Nd7 23. Ne2 f5 24. Nf4 Kh7 25. Nfd3 g5 26. g3 Nf8 27. Rc2 Ne6 28. Rdc1 f4 29. Nxe6 fxe3 30. Nxg5+ hxg5 31. fxe3 Bd7 32. Nc5 Rf8 33. Be2 Rf6 34. Bd3+ Kg8 35. Nb7 Qe7 36. Nxd8 Qxd8 37. Rf1 Re6 38. Bf5 Be8 39. Qd3 Qe7 40. Rcf2 Kh8 41. Kg2 Rh6 42. Qe2 Qd6 43. Bb1 Bd7 44. Bf5 Be8 45. Qe1 Qe7 46. Rf3 Qd6 47. Qc3 Bh5 48. R3f2 Be8 49. Qc5 Bf8 50. Qxd6 Bxd6 51. Rb1 Rf6 52. e4 dxe4 53. Bxe4 Re6 54. Bf3 Kg7 55. Re2 Rxe2+ 56. Bxe2 Bg6 57. Rb2 Kf6 58. Bf3 Be8 59. Be4 Bd7 60. Kf3 Ke7 61. g4 Kf6 62. h3 Be7 63. Ke3 Bd6 64. Kd3 Ke7 65. Bf5 Be8 66. Kc3 Bf7 67. Re2+ Kd8 68. h4 gxh4 69. g5 Bd5 70. g6 Bf8 71. Rh2 Be7 72. Bg4 Bf6 73. Rf2 Ke7 74. Bh3 Bg7 75. Bg2 Bxg2 76. Rxg2 Kf6 77. Rg4 h3 78. Rh4 Kxg6 79. Rxh3 Kf5 80. Re3 Bf6 81. Re8 Kf4 82. Kd3 1-0

[Event "Poznan op 20th"]
[Site "Poznan"]
[Date "2011.07.16"]
[Round "1"]
[White "Jarmuzek, Jaroslaw"]
[Black "Chojnacki, Tomasz"]
[Result "0-1"]
[WhiteElo "1386"]
[BlackElo "1874"]
[PlyCount "50"]
[EventDate "2011.07.16"]
[EventType "swiss"]
[EventRounds "9"]
[EventCountry "POL"]
[SourceTitle "CBM 143 Extra"]
[Source "ChessBase"]
[SourceDate "2011.08.29"]
[SourceVersion "1"]
[SourceVersionDate "2011.08.29"]
[SourceQuality "1"]

1. e4 c6 2. d4 d5 3. exd5 cxd5 4. Bd3 Nc6 5. c3 g6 6. Nd2 Nf6 7. Ngf3 Bg7 8. 0-0 0-0 9. Ne5 Nxe5 10. dxe5 Ng4 11. f4 Ne3 12. Qb3 Nxf1 13. Nxf1 b6 14. Be3 f6 15. Bd4 fxe5 16. Bxe5 Bxe5 17. fxe5 Bf5 18. Bb5 Be6 19. Rd1 Qc7 20. Ne3 Rad8 21. h3 Qxe5 22. Ng4 Bxg4 23. hxg4 Rf4 24. Rxd5 Qxd5 25. Bc4 Rxc4 0-1

[Event "Poznan op 19th"]
[Site "Poznan"]
[Date "2010.08.08"]
[Round "9"]
[White "Bartkowiak, Damian"]
[Black "Chojnacki, Tomasz"]
[Result "1/2-1/2"]
[WhiteElo "2115"]
[BlackElo "1849"]
[PlyCount "107"]
[EventDate "2010.08.01"]
[EventType "swiss"]
[EventRounds "9"]
[EventCountry "POL"]
[SourceTitle "CBM 138 Extra"]
[Source "ChessBase"]
[SourceDate "2010.10.29"]
[SourceVersion "1"]
[SourceVersionDate "2010.10.29"]
[SourceQuality "1"]

1. d4 d5 2. e3 Nf6 3. Bd3 e6 4. f4 c5 5. c3 b6 6. Qe2 Bb7 7. Nf3 Nbd7 8. Nbd2 g6 9. Ne5 a6 10. 0-0 Qe7 11. e4 cxd4 12. cxd4 Bg7 13. Nxd7 Qxd7 14. e5 Ne4 15. Bxe4 dxe4 16. Nc4 Qc7 17. Nd6+ Kf8 18. Be3 Rb8 19. g4 h5 20. f5 gxf5 21. gxf5 Bd5 22. Rac1 Qd7 23. Qxa6 Bh6 24. Qe2 Bxe3+ 25. Qxe3 exf5 26. Rxf5 Rh7 27. Rcf1 Ra8 28. a3 Ra7 29. Rc1 Rc7 30. Kf2 Rg7 31. h3 Rxc1 32. Qxc1 e3+ 33. Qxe3 Qc7 34. Qc3 Rg2+ 35. Kf1 Qd7 36. Qc8+ Qxc8 37. Nxc8 Rxb2 38. Rxh5 Rb3 39. Rh6 Be6 40. Nd6 Bxh3+ 41. Kf2 Be6 42. Rh8+ Kg7 43. Rb8 Rxa3 44. Rxb6 Kg6 45. Ne8 Kf5 46. Nd6+ Kf4 47. Rb4 Ra2+ 48. Ke1 Ke3 49. Kf1 Kf3 50. Ke1 Ke3 51. Kf1 Rd2 52. Nc4+ Bxc4+ 53. Rxc4 Rxd4 54. Rc7 1/2-1/2

[Event "POL-chT U19 40th"]
[Site "Chotowa"]
[Date "2009.07.??"]
[Round "1"]
[White "Klim, Kamil"]
[Black "Chojnacki, Tomasz"]
[Result "1-0"]
[WhiteElo "2280"]
[BlackElo "1816"]
[PlyCount "45"]
[EventDate "2009.07.06"]
[EventType "team-tourn"]
[EventRounds "9"]
[EventCountry "POL"]
[SourceTitle "EXT 2012"]
[Source "ChessBase"]
[SourceDate "2011.11.24"]
[SourceVersion "1"]
[SourceVersionDate "2011.11.24"]
[SourceQuality "1"]
[WhiteTeam "Gorzow Wielkopolski Stilon U19"]
[BlackTeam "Poznan Pocztowiec U19"]
[WhiteTeamCountry "POL"]
[BlackTeamCountry "POL"]

1. Nf3 d5 2. d4 Nf6 3. c4 e6 4. Nc3 Be7 5. Bg5 h6 6. Bxf6 Bxf6 7. e3 c6 8. Bd3 0-0 9. 0-0 Nd7 10. Qc2 Re8 11. Rfd1 Qe7 12. e4 Nb6 13. e5 Bg5 14. c5 Nd7 15. b4 b6 16. Ne2 Bb7 17. g3 h5 18. Nxg5 Qxg5 19. h4 Qe7 20. Nf4 g5 21. Nxh5 gxh4 22. Qd2 hxg3 23. Nf6+ 1-0

[Event "Poznan Pocztowiec-ch op"]
[Site "Poznan"]
[Date "2008.10.11"]
[Round "5.8"]
[White "Koper, Konrad"]
[Black "Chojnacki, Tomasz"]
[Result "0-1"]
[WhiteElo "1740"]
[BlackElo "1819"]
[PlyCount "80"]
[EventDate "2008.10.03"]
[EventType "swiss"]
[EventRounds "9"]
[EventCountry "POL"]
[SourceTitle "EXT 2023"]
[Source "ChessBase"]
[SourceDate "2022.10.05"]
[SourceVersion "1"]
[SourceVersionDate "2022.10.05"]
[SourceQuality "1"]

1. e4 c6 2. d4 d5 3. e5 Bf5 4. Bd3 Bxd3 5. Qxd3 e6 6. Ne2 Nd7 7. f4 Ne7 8. Be3 Nf5 9. Bf2 h5 10. 0-0 Be7 11. c4 Nb6 12. Nd2 0-0 13. c5 Nd7 14. Ng3 Nxg3 15. Qxg3 g6 16. Qc3 Kg7 17. b4 a5 18. a3 b6 19. cxb6 axb4 20. Qxc6 Nxb6 21. axb4 Bxb4 22. Rxa8 Qxa8 23. Qxb6 Bxd2 24. Bh4 Rb8 25. Qc5 Be3+ 26. Kh1 Qa6 27. Re1 Bd2 28. Rg1 Bxf4 29. Qe7 Bh6 30. Qf6+ Kg8 31. Rf1 Rf8 32. h3 Qd3 33. Qf2 Qe3 34. Qb2 Bg5 35. Bxg5 Qxg5 36. Rf6 h4 37. Qf2 Rc8 38. Rxf7 Rc1+ 39. Kh2 Qg3+ 40. Qxg3 hxg3+ 0-1